LIBRARY & INFORMATION CENTRE, KCAET, TAVANUR

ONLINE PUBLIC ACCESS CATALOGUE (OPAC)

Perspective of sports science / (Record no. 4859)

MARC details
000 -LEADER
fixed length control field 00432cam a2200169ua 4500
003 - CONTROL NUMBER IDENTIFIER
control field OSt
008 - FIXED-LENGTH DATA ELEMENTS--GENERAL INFORMATION
fixed length control field 240321b |||||||| |||| 00| 0 eng d
020 ## - INTERNATIONAL STANDARD BOOK NUMBER
ISBN 81-7216-030-5
041 ## - LANGUAGE CODE
Language code of text/sound track or separate title eng
082 ## - DEWEY DECIMAL CLASSIFICATION NUMBER
Classification number 796.01
Item number MUT/PE
100 ## - MAIN ENTRY--AUTHOR NAME
Personal name Muthiah, C.M .
245 ## - TITLE STATEMENT
Title Perspective of sports science /
260 ## - PUBLICATION, DISTRIBUTION, ETC. (IMPRINT)
Place of publication :
Name of publisher Friends Publications India ,
Year of publication 1996.
300 ## - PHYSICAL DESCRIPTION
Number of Pages 286 ; .
700 1# - ADDED ENTRY--PERSONAL NAME
Personal name Jitendra, Mohan .
942 ## - ADDED ENTRY ELEMENTS (KOHA)
Koha item type Books
Holdings
Withdrawn status Lost status Damaged status Home library Current library Date acquired Full call number Accession Number Koha item type
      KAUAET KAUAET 07/04/2012 796.01 MUT/PE 19389 Books
free website counter